| 000 | 00802nam a2200241 a 4500 | ||
|---|---|---|---|
| 001 | 000010492 | ||
| 005 | 20200929162234.0 | ||
| 008 | 091007s2003 dr 001 0 spa d | ||
| 020 | _z9993432192 | ||
| 040 | _aDO-SdBNP | ||
| 082 |
_aPR861.44 _bM971s |
||
| 100 | 1 |
_aMuñoz Miranda, Gerardo _d1966- _925494 |
|
| 245 | 1 | 0 |
_aSueños e ilusiones : _blibro de poesías / _cGerardo Muñoz Miranda. |
| 260 |
_aSanto Domingo, : _bLetra Gráfica, _c2003. |
||
| 300 |
_a111 p. ; _c22 cm. |
||
| 490 | 1 | _aPoetas de Santa Isabel | |
| 500 | _aIncluye datos biográficos del autor en la solapa de la cubierta | ||
| 650 | 4 |
_aPoesía puertoriqueña _96539 |
|
| 650 | 4 |
_aLiteratura puertoriqueña _96540 |
|
| 830 | 0 |
_aPoetas de Santa Isabel _925495 |
|
| 910 | _aValidado. Control de calidad BNPHU | ||
| 049 | _aBNPD | ||
| 999 |
_c10251 _d10251 |
||